000 01019naa a22002897a 4500
001 BR8106484
003 BR-BrBNA
005 20240918175008.0
007 ta
008 230509b bl.||||| |||| 00| 0 por d
040 _aBR-BrBNA
_bpor
_cBiblioteca Nacional de Agricultura
041 _a(Pt)
072 _aE70; L00
_b5300
090 _aE70 BR8106484
100 1 _aCavalli, R.K.V.
111 1 _a2. Congresso Brasileiro de Suinocultura
_cCampinas, SP (Brazil)
_d19 Nov 1980
245 1 _aSuinocultura - Conjuntura, precos minimos e estoques reguladores
260 3 _aCampinas, SP (Brasil):
_c1981.
500 _aAnais do 2. Congresso Brasileiro de Suinocultura Campinas, SP (Brasil): 1981. p. 125-142 (BR8106484-AM)E70
650 _aMERCADO
650 _aESTOQUE REGULADOR
650 _aPRECO MINIMO
650 _aSUINO
773 0 _tAnais do 2. Congresso Brasileiro de Suinocultura
_wE70 BR8106484
_gCampinas, SP (Brasil), 1981. p. 125-142
909 _a202404
_bLucia
_c55
_dLucia Elande
942 _cAM
_2AGRIS
999 _c314498
_d314498